000
00220 a2200097 4500
001
49627
100
_a
Chaudhori
245
_a
A Pessage to England
260
_a
Newyourk
_b
E P dutton & Company
_c
090
_c
32143
_d
32143
942
_a
NUST-CAE
_c
M
_c
24607
999
_c
284700
_d
284700